LEADER 01165nam0 2200325 450 001 000043550 005 20171123175105.0 010 $a2-07-010563-6 100 $a20171115d1952----km-y0itaa50------ba 101 0 $afre 102 $aFR 200 1 $a<> Guerre et la Paix$fLéon Tolstoï$gintroduction par Pierre Pascal$gtraduction par Henri Mongault,$gindex par Sylvie Luneau 210 $a[Parigi]$cGallimard$d1952 215 $aXXV, 1657 p.$d18 cm 225 2 $aBibliothèque de la Pléiade 410 0$12001$aBibliothèque de la Pléiade 700 1$aTolstoj,$bLev Nikolaevi?$0159663 702 1$aPascal,$bPierre 702 1$aMongault,$bHenri 702 1$aLuneau,$bSylvie 801 0$aIT$bUniversità della Basilicata - B.I.A.$gREICAT$2unimarc 912 $a000043550 996 $aGuerre et la paix$9858298 997 $aUNIBAS BAS $aLETTERE CAT $aMDL$b30$c20171115$lBAS01$h1206 CAT $aMDL$b30$c20171122$lBAS01$h1207 CAT $aMDL$b30$c20171123$lBAS01$h1751 FMT Z30 -1$lBAS01$LBAS01$mBOOK$1BASA1$APolo Storico-Umanistico$2GEN$BCollezione generale$3FP/56242$656242$5L56242$820171115$f02$FPrestabile Generale LEADER 00910nam0-22002771i-450 001 990005330160403321 005 20231214151327.0 035 $a000533016 035 $aFED01000533016 035 $a(Aleph)000533016FED01 035 $a000533016 100 $a19990530f---0---9km-y0itay50------ba 101 0 $aita 105 $af-------00--- 200 1 $a"Afrodite pudica". Saggio d'arte ellenistica$fBianca Maria Felletti Maj 210 $aSan Casciano Val di Pesa$cOff. graf. F.lli Stianti$ds.d. 215 $aP. 34-65, 2 tav.$d25 cm 300 $aEstratto dalla Rivista Archeologia Classica, Vol. III, fasc. 1 700 1$aFelletti Maj,$bBianca Maria$0206886 801 0$aIT$bUNINA$gRICA$2UNIMARC 901 $aBK 912 $a990005330160403321 952 $aARCH. BM MISC. 109 (10)$bARCH. 14549$fFLFBC 959 $aFLFBC 996 $a"Afrodite pudica". Saggio d'arte ellenistica$9597486 997 $aUNINA LEADER 01243nam 2200325z- 450 001 9910694449203321 005 20081210093539.0 035 $a(CKB)5860000000017785 035 $a(BIP)021307935 035 $a(EXLCZ)995860000000017785 100 $a20220406c2007uuuu -u- - 101 0 $aeng 200 10$aAllegations of misconduct at the General Services Administration $ehearing before the Committee on Oversight and Government Reform, House of Representatives, One Hundred Tenth Congress, first session, March 28, 2007 215 $a1 online resource (iii, 265 p.) $cill 311 $a0-16-080370-5 517 $aAllegations of misconduct at the General Services Administration 606 $aMisconduct in office$zUnited States 606 $aGovernment purchasing$xCorrupt practices$zUnited States 610 $aUnited States 610 $aMisconduct in office 610 $aGovernment purchasing 610 $aPolitical corruption 610 $aPolitical science 610 $aLaw 615 0$aMisconduct in office 615 0$aGovernment purchasing$xCorrupt practices 906 $aBOOK 912 $a9910694449203321 996 $aAllegations of misconduct at the General Services Administration$93216074 997 $aUNINA